Marketing partnerski na rynku przedsiebiorstw
Guardado en:
| Autor principal: | |
|---|---|
| Formato: | Libro |
| Lenguaje: | polaco |
| Publicado: |
Warszawa
Polskie Wydawnictwo Ekonomiczne
1999
|
| Materias: | |
| Etiquetas: |
Sin Etiquetas, Sea el primero en etiquetar este registro!
|
MARC
| LEADER | 00000nam a2200000 4500 | ||
|---|---|---|---|
| 001 | c117485 | ||
| 005 | 20221221082926.4 | ||
| 020 | |a 83-208-1203-8 | ||
| 041 | 0 | |a pol | |
| 044 | |a PL | ||
| 245 | 1 | 0 | |a Marketing partnerski na rynku przedsiebiorstw |c Fonfara Krzysztof |
| 264 | 1 | |a Warszawa |b Polskie Wydawnictwo Ekonomiczne |c 1999 | |
| 300 | |a 187 s. | ||
| 610 | 2 | 0 | |a marketing |
| 610 | 2 | 0 | |a partneri obchodní |
| 610 | 2 | 0 | |a podnikanie |
| 610 | 2 | 0 | |a firmy |
| 610 | 2 | 0 | |a aktivita pracovná |
| 610 | 2 | 0 | |a portfólio |
| 610 | 2 | 0 | |a oceňovanie |
| 610 | 2 | 0 | |a kultúra podniková |
| 610 | 2 | 0 | |a štúdie prípadové |
| 610 | 2 | 0 | |a energetika |
| 610 | 2 | 0 | |a spolupráca podnikov |
| 610 | 2 | 0 | |a trh medzinárodný |
| 610 | 2 | 0 | |a Poľsko |
| 100 | 1 | |a Krzysztof, Fonfara | |